The complete blackpowder handbook / (Record no. 10747)

MARC details
000 -LEADER
fixed length control field 01308cam a22003134a 4500
090 ## - LOCALLY ASSIGNED LC-TYPE CALL NUMBER (OCLC); LOCAL CALL NUMBER (OCLC)
-- 0
001 - CONTROL NUMBER
control field 12408421
005 - DATE AND TIME OF LATEST TRANSACTION
control field 20020930074229.0
008 - FIXED-LENGTH DATA ELEMENTS--GENERAL INFORMATION
fixed length control field 010515s2001 wiua bf 001 0 eng
010 ## - LIBRARY OF CONGRESS CONTROL NUMBER
LC control number 2001091062
020 ## - INTERNATIONAL STANDARD BOOK NUMBER
International Standard Book Number 0873492943
040 ## - CATALOGING SOURCE
Original cataloging agency DLC
Transcribing agency DLC
Modifying agency DLC
042 ## - AUTHENTICATION CODE
Authentication code pcc
050 00 - LIBRARY OF CONGRESS CALL NUMBER
Classification number TS536.6.M8
Item number F32 2001
082 00 - DEWEY DECIMAL CLASSIFICATION NUMBER
Classification number 683.4
Edition number 21
Item number FAD
100 1# - MAIN ENTRY--PERSONAL NAME
Personal name Fadala, Sam,
Dates associated with a name 1939-
245 14 - TITLE STATEMENT
Title The complete blackpowder handbook /
Statement of responsibility, etc Sam Fadala.
246 3# - VARYING FORM OF TITLE
Title proper/short title Complete black powder handbook
250 ## - EDITION STATEMENT
Edition statement 4th ed., rev. and expanded.
260 ## - PUBLICATION, DISTRIBUTION, ETC. (IMPRINT)
Place of publication, distribution, etc Iola, WI :
Name of publisher, distributor, etc Krause Publications,
Date of publication, distribution, etc c2001.
300 ## - PHYSICAL DESCRIPTION
Extent 413 p. :
Other physical details ill. ;
Dimensions 28 cm.
500 ## - GENERAL NOTE
General note Rev. ed. of: The complete black powder handbook. 3rd ed. c1996.
504 ## - BIBLIOGRAPHY, ETC. NOTE
Bibliography, etc Includes bibliographical references and index.
650 #0 - SUBJECT ADDED ENTRY--TOPICAL TERM
Topical term or geographic name as entry element Muzzle-loading firearms
Form subdivision Handbooks, manuals, etc.
700 1# - ADDED ENTRY--PERSONAL NAME
Personal name Fadala, Sam,
Dates associated with a name 1939-.
Title of a work Complete black powder handbook.
942 ## - ADDED ENTRY ELEMENTS (KOHA)
Source of classification or shelving scheme Dewey Decimal Classification
Item type Book - Borrowing
Holdings
Withdrawn status Item status Source of classification or shelving scheme Damaged status Not for loan Vendor Home library Current library Shelving location Date acquired Source of acquisition Cost, normal purchase price Serial Enumeration / chronology Total Checkouts Full call number Barcode Date last seen Koha item type
    Dewey Decimal Classification     Alahram Central Library Central Library First floor 08/02/2009   150.90 6398   683.4 FAD 000014715 15/07/2025 Book - Borrowing